| 000 | 00663nam a22001937a 4500 | ||
|---|---|---|---|
| 999 |
_c176211 _d176211 |
||
| 005 | 20201203162008.0 | ||
| 010 | _aUR-10953 | ||
| 020 |
_c400.00 _a9789390100453 |
||
| 035 | _aU-9508 | ||
| 037 | _bDBAD/PUB | ||
| 082 | _a844 | ||
| 100 | _aمحمد حنيف خا ن | ||
| 245 |
_aخا مو شی جر م ہے _cمحمد حنيف خا ن |
||
| 246 |
_bKhamoshi Jurm Hai (Urdu) _aby Mohd. Haneef Khan |
||
| 260 |
_aN.Delhi _bEducational Publishing House _c2020 ء |
||
| 270 |
_aH.O.D1/16,Ansari Road,Darya ganj, _bN.Delhi _e110002 _k45678285,23216162 _l0091-11-23211540 |
||
| 300 |
_a275 ص _c22 Cm(Hb) |
||
| 942 |
_2ddc _cUR _h844 _mم ح م |
||